The Soviet Union and the Third World The Last Three Decades (Record no. 531092)
[ view plain ]
| 000 -LEADER | |
|---|---|
| fixed length control field | 00359nam a2200121Ia 4500 |
| 008 - FIXED-LENGTH DATA ELEMENTS--GENERAL INFORMATION | |
| fixed length control field | 191014s9999 xx 000 0 und d |
| 082 ## - DEWEY DECIMAL CLASSIFICATION NUMBER | |
| Classification number | 327.470172 |
| Author Mark | KOR |
| 100 ## - MAIN ENTRY--PERSONAL NAME | |
| Personal name | Andrzej Korbonski |
| 9 (RLIN) | 20502 |
| 245 #4 - TITLE STATEMENT | |
| Title | The Soviet Union and the Third World The Last Three Decades |
| 260 ## - PUBLICATION, DISTRIBUTION, ETC. | |
| Place of publication, distribution, etc. | Pakistan |
| Name of publisher, distributor, etc. | Combine Printers Lahore |
| Date of publication, distribution, etc. | 1987 |
| 300 ## - PHYSICAL DESCRIPTION | |
| Extent | Xvi,317 |
| 942 ## - ADDED ENTRY ELEMENTS (KOHA) | |
| Koha item type | Book |
| Withdrawn status | Lost status | Damaged status | Not for loan | Permanent Location | Current Location | Date acquired | Source of acquisition | Cost, normal purchase price | Total Checkouts | Full call number | Barcode | Date last seen | Price effective from | Koha item type |
|---|---|---|---|---|---|---|---|---|---|---|---|---|---|---|
| School of Natural Sciences (SNS) | School of Natural Sciences (SNS) | 10/15/2019 | Donation | 0.00 | 327.470172KOR | SNS0002869 | 10/15/2019 | 10/15/2019 | Book |
